A buddhizmustól az ateizmusig buddhizmus /
Elmentve itt :
| Szerzők: | |
|---|---|
| Dokumentumtípus: | Vegyes gyűjtemény |
| Megjelent: |
2019-12
|
| Kulcsszavak: | buddhizmus ateizmus |
| Tárgyszavak: | |
| Online Access: | http://eta.bibl.u-szeged.hu/2453 |
| LEADER | 02988noc a2200469 i 4500 | ||
|---|---|---|---|
| 001 | eta2453 | ||
| 005 | 20260305142032.0 | ||
| 008 | 200311s2019 hu o 000 hun d | ||
| 040 | |a SZTE Elektronikus Tananyag Archívum |b hun | ||
| 041 | |a hun | ||
| 100 | 1 | |a Porció Tibor | |
| 245 | 1 | 2 | |a A buddhizmustól az ateizmusig |h [elektronikus dokumentum] : |b buddhizmus / |c Porció Tibor |
| 246 | 1 | 0 | |a From buddhism to atheism : buddhism |h [elektronikus dokumentum] |
| 260 | |c 2019-12 | ||
| 650 | 4 | |a Bölcsészettudományok | |
| 650 | 4 | |a Filozófia, etika és vallástudományok | |
| 650 | 4 | |a Vallástudományok | |
| 650 | 4 | |a Vallástörténet | |
| 695 | |a buddhizmus | ||
| 695 | |a ateizmus | ||
| 700 | 0 | 1 | |a Porció Tibor |
| 700 | 0 | 1 | |a Barcsa Krisztina |
| 700 | 0 | 1 | |a Barcsa Krisztina |e aut |
| 856 | 4 | 0 | |u https://eta.bibl.u-szeged.hu/2453/13/EFOP343_AP6-BTK1_Buddhizmustol_ateizmusig_buddhizmus_1video_bevezetes_VT_Tanszek_20191219.mp4 |z Dokumentum-elérés |
| 856 | 4 | 0 | |u https://eta.bibl.u-szeged.hu/2453/14/EFOP343_AP6-BTK1_Buddhizmustol_ateizmusig_buddhizmus_2video_buddha1_VT_Tanszek_20191219.mp4 |z Dokumentum-elérés |
| 856 | 4 | 0 | |u https://eta.bibl.u-szeged.hu/2453/15/EFOP343_AP6-BTK1_Buddhizmustol_ateizmusig_buddhizmus_3video_buddha2_VT_Tanszek_20191219.mp4 |z Dokumentum-elérés |
| 856 | 4 | 0 | |u https://eta.bibl.u-szeged.hu/2453/16/EFOP343_AP6-BTK1_Buddhizmustol_ateizmusig_buddhizmus_4video_dharma_VT_Tanszek_20191219.mp4 |z Dokumentum-elérés |
| 856 | 4 | 0 | |u https://eta.bibl.u-szeged.hu/2453/17/EFOP343_AP6-BTK1_Buddhizmustol_ateizmusig_buddhizmus_5video_szangha_VT_Tanszek_20191219.mp4 |z Dokumentum-elérés |
| 856 | 4 | 0 | |u https://eta.bibl.u-szeged.hu/2453/18/EFOP343_AP6-BTK1_Buddhizmustol_ateizmusig_buddhizmus_6video_utoelet_VT_Tanszek_20191219.mp4 |z Dokumentum-elérés |
| 856 | 4 | 0 | |u https://eta.bibl.u-szeged.hu/2453/7/EFOP343_AP6-BTK1_Buddhizmustol_ateizmusig_buddhizmus_szoveges_melleklet_VT_Tanszek_20191219.pdf |z Dokumentum-elérés |
| 856 | 4 | 0 | |u https://eta.bibl.u-szeged.hu/2453/19/felirat.vtt |z Dokumentum-elérés |
| 856 | 4 | 0 | |u https://eta.bibl.u-szeged.hu/2453/20/felirat.html |z Dokumentum-elérés |
| 856 | 4 | 0 | |u https://eta.bibl.u-szeged.hu/2453/21/felirat.vtt |z Dokumentum-elérés |
| 856 | 4 | 0 | |u https://eta.bibl.u-szeged.hu/2453/22/felirat.html |z Dokumentum-elérés |
| 856 | 4 | 0 | |u https://eta.bibl.u-szeged.hu/2453/23/felirat.vtt |z Dokumentum-elérés |
| 856 | 4 | 0 | |u https://eta.bibl.u-szeged.hu/2453/24/felirat.html |z Dokumentum-elérés |
| 856 | 4 | 0 | |u https://eta.bibl.u-szeged.hu/2453/25/felirat.vtt |z Dokumentum-elérés |
| 856 | 4 | 0 | |u https://eta.bibl.u-szeged.hu/2453/26/felirat.html |z Dokumentum-elérés |
| 856 | 4 | 0 | |u https://eta.bibl.u-szeged.hu/2453/27/felirat.vtt |z Dokumentum-elérés |
| 856 | 4 | 0 | |u https://eta.bibl.u-szeged.hu/2453/28/felirat.html |z Dokumentum-elérés |
| 856 | 4 | 0 | |u https://eta.bibl.u-szeged.hu/2453/29/felirat.vtt |z Dokumentum-elérés |
| 856 | 4 | 0 | |u https://eta.bibl.u-szeged.hu/2453/30/felirat.html |z Dokumentum-elérés |